Cities with an Indian Consulate (with map) - Statistics

General Stats
  • This quiz has been taken 79 times
  • The average score is 31 of 53
Answers on the Map
Answers color-coded by a green-red scale on the quiz's map according to % correct below.
 
Answer Stats
Country Consulate % Correct
United States New York
94%
Australia Sydney
90%
Canada Toronto
90%
Italy Milan
88%
Australia Melbourne
87%
Australia Perth
87%
Brazil São Paulo
87%
Turkey Istanbul
85%
China Shanghai
85%
Russia St Petersburg
83%
United Arab Emirates Dubai
81%
Nigeria Lagos
81%
Germany Munich
81%
Japan Osaka
81%
United States Chicago
79%
Vietnam Ho Chi Minh City
79%
South Africa Cape Town
77%
Germany Frankfurt
77%
United States Houston
77%
United Kingdom Edinburgh
75%
Switzerland Geneva
75%
Germany Hamburg
75%
South Africa Johannesburg
75%
United States San Francisco
75%
Canada Vancouver
75%
United Kingdom Birmingham
73%
China Hong Kong
71%
Saudi Arabia Jeddah
71%
Bangladesh Chittagong
69%
South Africa Durban
67%
China Guangzhou
67%
Kenya Mombasa
63%
Indonesia Denpasar
54%
United States Atlanta
48%
Iraq Erbil
48%
Myanmar Mandalay
46%
Indonesia Medan
42%
Thailand Chiang Mai
40%
Russia Vladivostok
40%
Afghanistan Kandahar
38%
Afghanistan Herat
37%
Sri Lanka Kandy
35%
Tanzania Zanzibar
35%
Bangladesh Khulna
25%
Afghanistan Mazar-i-Sharif
25%
Sri Lanka Jaffna
19%
France Saint-Denis, Réunion
17%
Oman Salalah
15%
Afghanistan Jalalabad
10%
Bangladesh Rajshahi
8%
Sri Lanka Hambantota
4%
Bhutan Phuntsholing
4%
Nepal Birgunj
2%
No matching quizzes found
Score Distribution
Percent of People with Each Score
Percentile by Number Answered
Your Score History
You have not taken this quiz